| 000 | 00974nam a22002897a 4500 | ||
|---|---|---|---|
| 001 | BR9701261 | ||
| 003 | BR-BrBNA | ||
| 005 | 20230928095333.0 | ||
| 007 | ta | ||
| 008 | 230509b bl.||||| |||| 00| 0 por d | ||
| 040 |
_aBR-BrBNA _bpor _cBiblioteca Nacional de Agricultura |
||
| 041 | _a(Por) | ||
| 072 |
_aH10 _b1850 _b4020 |
||
| 090 | _ 1850 BR9701261 | ||
| 100 | 1 | _aGroppo, G.A. | |
| 110 | 1 |
_aEscola Superior de Agricultura Luiz de Queiroz, Piracicaba, SP (Brasil) _0Tese (Doutor em Ciencias) |
|
| 245 | 1 | _aEfeitos da radiacao gama do cobalto-60 nas diferentes fases do ciclo evolutivo da traca do tomateiro - Tuta absoluta (Meyrich, 1917)(Lepidoptera, Gelechiidae) | |
| 260 | 3 |
_aPiracicaba, SP (Brasil): _c62 p.. |
|
| 500 | _aBibliography p. 46-57; 16 tables; Summaries (Eng, Por) | ||
| 650 | _aTomate | ||
| 650 | _aTraca | ||
| 650 | _aRaio Gama | ||
| 650 | _aCobalto | ||
| 650 | _aControle Fisico | ||
| 909 |
_a202309 _bLucia _c55 _dLucia Elande |
||
| 942 | _cBK | ||
| 999 |
_c55970 _d55970 |
||